Management information systems for the information age
Αποθηκεύτηκε σε:
| Κύριος συγγραφέας: | |
|---|---|
| Άλλοι συγγραφείς: | |
| Μορφή: | Βιβλίο |
| Γλώσσα: | English |
| Δημοσίευση: |
New York :
McGraw-Hill/Irwin,
c2013
|
| Έκδοση: | 9th ed. |
| Θέματα: | |
| Ετικέτες: |
Προσθήκη ετικέτας
Δεν υπάρχουν, Καταχωρήστε ετικέτα πρώτοι!
|
MARC
| LEADER | 00000nam a2200000 i 4500 | ||
|---|---|---|---|
| 001 | 1/38246 | ||
| 008 | 131113s2013 eng d | ||
| 020 | |a 978-07-131464-0 (pbk.) | ||
| 035 | |l 10115984 | ||
| 040 | |a GR-MY-UA |b gre |e aacr | ||
| 041 | 0 | |a eng | |
| 082 | 0 | |a 658.4038011 |2 (22) | |
| 100 | 1 | |a Haag, Stephen. | |
| 245 | 1 | 0 | |a Management information systems for the information age / |c Stephen Haag, Maeve Cummings |
| 250 | |a 9th ed. | ||
| 260 | |a New York : |b McGraw-Hill/Irwin, |c c2013 | ||
| 300 | |a xxxv, 554 σ.; |b διαγρ., εικ., πίν.; |c 28 εκ. | ||
| 504 | |a Ευρετήριο: σ.531-544 | ||
| 650 | 0 | 0 | |a Information technology. |
| 650 | 0 | 0 | |a Management information systems. |
| 700 | 0 | |a Cummings, Maeve. | |
| 852 | |a INST |b CHIOS |e 20131113 |h 658.4038011 HAA |p 005200037117 |q 005200037117 |t BK |y 0 | ||
| 901 | |a BIBL2-2013-3 | ||
| 909 | |a Χ |b 181703 | ||
| 922 | |a 2ΕΛΗ |b 201307 |c ΤΑΚ/ΤΔΕ |d ΔΡΕΣ | ||
| 970 | |a ΣΠΕΝΤΖΑ |b ΕΛΕΝΗ |z 2013/11/13 | ||